000 00482nam a2200193 a 4500
001 1763796556173
003 ACL
005 20251122130144.0
008 251122s2002##################000#0#eng##
020 _a9781402070082
082 0 4 _a621.382
_bMAR
100 1 _aMartikainen, Olli,
_eauthor.
245 1 0 _aSmart Networks :
260 _bSpringer Science & Business Media,
_c2002.
300 _a320 pages
650 0 _aComputers.
942 _cENGLISH
040 _aACL
_beng
_cACL
999 _c598418
_d598418